000 003000000a22001450004500
003 MACL
040 _aMACL
090 _c8827
_d8826
100 _aOutlook Traveller
245 _aHimachal
260 _bOutlook Publishing
_c2008
350 _a295
650 _aGeography & Travels
942 _cBOOK
_k910
999 _c8772
_d8772